Dış politika (Record no. 7938)

MARC details
000 -BAŞLIK
Sabit Uzunlukta Kontrol Alanı 00670na a2200229 4500
001 - KONTROL NUMARASI
Denetim Alanı 15931
003 - KONTROL NUMARASI IDENTIFIER
Denetim Alanı MIRAKIL
005 - SON İŞLEM TARİHİ VE ZAMANI
Denetim Alanı 20181213155154.0
008 - SABİT-BOY VERİ ELEMANLARI - GENEL BİLGİLER
Sabit Uzunlukta Kontrol Alanı 161108b tu 000 0
035 ## - SİSTEM KONTROL NUMARASI
Sistem Kontrol Numarası 15931
040 ## - KATALOGLAMA KAYNAK
Orijinal Kataloglama Ajansı Milas
Kataloglama Dili tur
Metne Dönüştürmek Ajansı TR-AnCHP
082 ## - DEWEY ONLU SINIFLANDIRMA NUMARASI
Sınıflandırma Numarası CHP 327
Ürün Numarası E13d 1976
090 ## - SINIFLAMA NUMARASI
Sınıflama Numarası CHP 327 E13d 1976
100 ## - ANA GİRİŞ - KİŞİSEL İSİM
Kişisel Ad Ecevit, Bülent
Bir Adıyla İlişkilendirilen Tarihler 1925-2006
245 ## - BAŞLIK TABLOSU
Başlık Dış politika
Sorumluluk Tablosu, Vb Bülent Ecevit
260 ## - YAYIN, DAĞITIM, VB
Yayın, Dağıtım, Vb Yeri Ankara
Yayıncı, Dağıtıcı, Vs Adı [yay.y.]
Yayın, Dağıtım, Vb Tarihi [1976?]
Üretici Firma Ajans-Türk Matbaacılık
300 ## - FİZİKSEL TANIM
Kapsam 192 s.
Boyutlar 17 sm.
500 ## - GENEL NOT
Genel Not Kitabın iç kapağı ve ilk altı sayfası eksiktir.
610 ## - KONU KATMA GİRİŞ - TOPLANTI ADI
Giriş Elemanı Olarak Kurumsal Ad Veya Yargı Alanı Adı CHP
Genel Alt Bölüm Dış siyaset
651 ## - KONU KATMA GİRİŞ - COĞRAFİ ADI
Coğrafi İsim Türkiye
Genel Alt Bölümü Siyaset ve yönetim
942 ## - EKLENDİ GİRİŞ ELEMANLARI (KOHA)
Sınıflandırma Veya Raf Düzeni Kaynak Dewey Decimal Classification
Koha Öğesi Türü Books
999 ## - SİSTEM KONTROL NUMARALARI (KOHA)
Koha Biblionumber 7938
Koha Biblioitemnumber 7938
Holdings
Kalıcı Konum Mevcut Konum Edinme Tarihi Edinim Kaynak Toplam Check-Out'Lar Tam Çağrı Numarası Barkod Tarih Son Görülme İtibaren Geçerli Fiyatlar Koha Öğesi Türü
CHP Kütüphanesi CHP Kütüphanesi 09/27/2016 Bağış   CHP 327 E13d 1976 004593 09/27/2016 09/27/2016 Books